[Event "Andranik Margaryan Mem"]
[Site "Yerevan ARM"]
[Date "2017.01.12"]
[Round "5.3"]
[White "Hakobyan, Aram"]
[Black "Paravyan, David"]
[Result "1/2-1/2"]
[WhiteTitle "FM"]
[BlackTitle "IM"]
[WhiteElo "2422"]
[BlackElo "2540"]
[WhiteFideId "13306677"]
[BlackFideId "4194985"]
[EventDate "2017.01.08"]

1. d4 Nf6 2. Nf3 e6 3. c4 b6 4. g3 Bb7 5. Bg2 Be7 6. O-O O-O 7. Nc3 Ne4 8. Bd2
d5 9. cxd5 exd5 10. Rc1 Nd7 11. Bf4 c5 12. Qa4 Ndf6 13. dxc5 Bxc5 14. e3 Re8 15.
Rfd1 Nxf2 16. Kxf2 Ng4+ 17. Kg1 Nxe3 18. b4 Nxd1+ 19. bxc5 Nxc3 20. Rxc3 bxc5
21. Rxc5 Qb6 22. Qb5 d4 23. Nxd4 Bxg2 24. Kxg2 Rec8 25. Bc7 Qf6 26. Nf5 Re8 27.
Re5 Rxe5 28. Qxe5 Qxe5 29. Bxe5 f6 30. Bd4 a6 31. a4 Rb8 32. a5 Rb5 33. Ne7+ Kf7
34. Nc6 Ke6 35. Bb6 Rb2+ 36. Kf3 Kd5 37. Nb8 Rxh2 38. Nxa6 Rb2 39. Nc5 h5 40.
Nd7 Kd6 41. Nc5 Kd5 42. Nd7 Kc6 43. Nf8 g5 44. Nh7 1/2-1/2

[Event "Andranik Margaryan Mem"]
[Site "Yerevan ARM"]
[Date "2017.01.12"]
[Round "5.4"]
[White "Gordievsky, Dmitry"]
[Black "Bogdanovich, Stanislav"]
[Result "0-1"]
[WhiteTitle "IM"]
[BlackTitle "IM"]
[WhiteElo "2562"]
[BlackElo "2595"]
[WhiteFideId "24112798"]
[BlackFideId "14115298"]
[EventDate "2017.01.08"]

1. e4 e5 2. Nf3 Nc6 3. Nc3 Nf6 4. d4 Bb4 5. d5 Ne7 6. Bd3 d6 7. Bg5 O-O 8. a3
Bxc3+ 9. bxc3 Nd7 10. Nd2 f6 11. Be3 f5 12. f3 Nf6 13. c4 b6 14. a4 a5 15. exf5
Bxf5 16. O-O Qe8 17. Nb1 Qg6 18. Nc3 Rf7 19. Qd2 Raf8 20. Rae1 h6 21. Bf2 Nh5
22. Ne4 Nf4 23. Bg3 Bxe4 24. Bxe4 Qg5 25. Rd1 Neg6 26. c5 dxc5 27. Rfe1 Rf6 28.
Re3 h5 29. Ra3 h4 30. Be1 Ne7 31. Kf1 Nc8 32. g3 hxg3 33. hxg3 Nd6 34. Bd3 Qh5
35. gxf4 Qh1+ 36. Ke2 Rxf4 37. Qe3 Rxf3 38. Bh7+ Qxh7 39. Qxf3 Rxf3 40. Rxf3 Qh5 0-1

[Event "Andranik Margaryan Mem"]
[Site "Yerevan ARM"]
[Date "2017.01.12"]
[Round "5.5"]
[White "Aghasaryan, Robert"]
[Black "Plat, Vojtech"]
[Result "1/2-1/2"]
[WhiteTitle "GM"]
[BlackTitle "IM"]
[WhiteElo "2524"]
[BlackElo "2520"]
[WhiteFideId "13302841"]
[BlackFideId "325740"]
[EventDate "2017.01.08"]

1. Nf3 d6 2. d4 Bg4 3. c4 c6 4. Nc3 Nd7 5. g3 e5 6. Bg2 Be7 7. O-O Qc7 8. h3 Bh5
9. b3 f5 10. e4 Ngf6 11. dxe5 Nxe4 12. exd6 Bxd6 13. Bb2 O-O-O 14. Qc2 Ndc5 15.
b4 Bxf3 16. Bxf3 Bxg3 17. bxc5 Rd2 18. Bxe4 Rxc2 19. Bxf5+ Kb8 20. Bxc2 Be5 21.
Rae1 Bd4 22. Be4 Qf4 23. Nd1 Bxc5 24. Re2 Rd8 25. Rfe1 Bd6 26. Kf1 a5 27. c5
Bxc5 28. Bxc6 Qc4 29. Bg2 Rd2 30. Be5+ Ka7 31. Nb2 Rxe2 1/2-1/2

[Event "Andranik Margaryan Mem"]
[Site "Yerevan ARM"]
[Date "2017.01.13"]
[Round "6.1"]
[White "Babujian, Levon"]
[Black "Plat, Vojtech"]
[Result "1-0"]
[WhiteTitle "GM"]
[BlackTitle "IM"]
[WhiteElo "2434"]
[BlackElo "2520"]
[WhiteFideId "13301993"]
[BlackFideId "325740"]
[EventDate "2017.01.08"]

1. d4 Nf6 2. c4 e6 3. Nf3 c5 4. e3 d5 5. Nc3 Nc6 6. a3 cxd4 7. exd4 Be7 8. c5
Ne4 9. Qc2 f5 10. Bb5 Bf6 11. O-O O-O 12. Bxc6 bxc6 13. Bf4 Bd7 14. Be5 Be8 15.
Bxf6 gxf6 16. Ne1 e5 17. f3 Nxc3 18. Qxc3 e4 19. f4 Bh5 20. Nc2 Rf7 21. Rf2 Rb7
22. Ne3 Qc8 23. b4 a5 24. Rb1 axb4 25. axb4 Rb5 26. h3 Bg6 27. Nc2 Qe6 28. Ra1
Rbb8 29. Rff1 Rxa1 30. Rxa1 e3 31. Re1 Qe4 32. Rxe3 Qxf4 33. Qe1 Ra8 34. Re7 Bf7
35. Qe3 Qh4 36. b5 cxb5 37. c6 f4 38. Qf3 Kf8 39. Rb7 Kg7 40. Kh2 Qg5 41. Nb4
Kg6 42. c7 Be6 43. Rb8 Qg3+ 44. Qxg3+ fxg3+ 45. Kxg3 Ra3+ 46. Kf4 Rc3 47. Nxd5
Rc4 48. Ne7+ Kf7 49. c8=Q Bxc8 50. Nxc8 Rxd4+ 51. Ke3 1-0

[Event "Andranik Margaryan Mem"]
[Site "Yerevan ARM"]
[Date "2017.01.13"]
[Round "6.2"]
[White "Bogdanovich, Stanislav"]
[Black "Aghasaryan, Robert"]
[Result "1/2-1/2"]
[WhiteTitle "IM"]
[BlackTitle "GM"]
[WhiteElo "2595"]
[BlackElo "2524"]
[WhiteFideId "14115298"]
[BlackFideId "13302841"]
[EventDate "2017.01.08"]

1. d4 d5 2. c4 e6 3. Nc3 Be7 4. cxd5 exd5 5. Bf4 c6 6. e3 Bf5 7. Nge2 Nd7 8. Ng3
Bg6 9. Be2 Qb6 10. Qd2 Ngf6 11. h4 h5 12. Bd3 Bxd3 13. Qxd3 g6 14. O-O-O O-O-O
15. Kb1 Nf8 16. f3 Ne6 17. Be5 Rhf8 18. Rc1 Ne8 19. e4 dxe4 20. Ngxe4 f6 21. Qc4
N8g7 22. d5 fxe5 23. dxe6 Kb8 24. Rhd1 Rxd1 25. Rxd1 Rd8 26. Rxd8+ Qxd8 27. a3
Qd4 28. Qb3 Qb6 29. Qd1 Qd4 30. Qb3 Kc8 31. Qc2 Nxe6 32. Nb5 Qd7 33. Nbc3 Bxh4
34. Qa4 a6 35. Qa5 Qd3+ 36. Ka1 Qf1+ 37. Nb1 Nd4 38. Qxe5 Nb3+ 39. Ka2 Nc1+ 40.
Ka1 Nb3+ 1/2-1/2

[Event "Andranik Margaryan Mem"]
[Site "Yerevan ARM"]
[Date "2017.01.13"]
[Round "6.3"]
[White "Paravyan, David"]
[Black "Gordievsky, Dmitry"]
[Result "0-1"]
[WhiteTitle "IM"]
[BlackTitle "IM"]
[WhiteElo "2540"]
[BlackElo "2562"]
[WhiteFideId "4194985"]
[BlackFideId "24112798"]
[EventDate "2017.01.08"]

1. d4 Nf6 2. c4 d6 3. Nc3 g6 4. e4 Bg7 5. Nf3 O-O 6. Be2 e5 7. O-O Na6 8. Re1 c6
9. Bf1 Bg4 10. d5 c5 11. a3 Ne8 12. Rb1 Bd7 13. b4 b6 14. Bd3 Qc8 15. Bd2 f5 16.
Ng5 Nac7 17. exf5 gxf5 18. Bc2 h6 19. Nf3 Qd8 20. g3 Qf6 21. bxc5 bxc5 22. Ba4
Rd8 23. Rb7 a6 24. Rb6 Qf7 25. Nh4 Bc8 26. Qc1 h5 27. f4 Bf6 28. fxe5 dxe5 29.
Bg5 Nd6 30. Rxe5 Bxe5 31. Bxd8 f4 32. Bxc7 Qxc7 33. Rb3 Qg7 34. Ne2 fxg3 35.
hxg3 Qg4 36. Qe3 Nxc4 37. Qd3 Bg7 38. Ng6 Ne5 39. Nxe5 Bxe5 40. d6 c4 41. Qd5+
Be6 42. Qxe5 cxb3 43. d7 b2 44. Bc2 Bxd7 45. Qe7 Qg7 46. Qc5 Be6 47. Qxh5 Qa7+ 0-1

[Event "Andranik Margaryan Mem"]
[Site "Yerevan ARM"]
[Date "2017.01.13"]
[Round "6.4"]
[White "Baghdasaryan, Vahe"]
[Black "Hakobyan, Aram"]
[Result "0-1"]
[WhiteTitle "IM"]
[BlackTitle "FM"]
[WhiteElo "2490"]
[BlackElo "2422"]
[WhiteFideId "13303139"]
[BlackFideId "13306677"]
[EventDate "2017.01.08"]

1. e4 c6 2. c4 d5 3. exd5 cxd5 4. cxd5 Nf6 5. Nc3 Nxd5 6. Nf3 e6 7. d4 Be7 8.
Bd3 O-O 9. O-O Nc6 10. a3 Nxc3 11. bxc3 b6 12. Qc2 g6 13. Bh6 Re8 14. h4 Bf6 15.
h5 Ne7 16. Be4 Ba6 17. Rfe1 Rc8 18. hxg6 hxg6 19. Bg5 Bxg5 20. Nxg5 Qc7 21. Qd2
Kg7 22. Rac1 Rh8 23. g3 Bb7 24. Kg2 Rh5 25. Bf3 Nf5 26. d5 Bxd5 27. Bxd5 exd5
28. Nf3 Rch8 0-1

[Event "Andranik Margaryan Mem"]
[Site "Yerevan ARM"]
[Date "2017.01.13"]
[Round "6.5"]
[White "Hayrapetyan, Hovik"]
[Black "Mikaelyan, Arman"]
[Result "1-0"]
[WhiteTitle "GM"]
[BlackTitle "IM"]
[WhiteElo "2498"]
[BlackElo "2432"]
[WhiteFideId "13302639"]
[BlackFideId "13304852"]
[EventDate "2017.01.08"]

1. Nf3 Nf6 2. g3 g6 3. Bg2 Bg7 4. c4 O-O 5. O-O d6 6. d4 Nbd7 7. Nc3 e5 8. e4
Re8 9. h3 exd4 10. Nxd4 Nc5 11. Re1 Bd7 12. b3 a5 13. a3 h6 14. Rb1 a4 15. b4
Ne6 16. Nxe6 Bxe6 17. Nd5 c6 18. Ne3 h5 19. Bb2 Qd7 20. Kh2 h4 21. g4 Qc7 22.
Kh1 Rad8 23. Qc2 Bc8 24. Rbd1 Re7 25. f3 Rde8 26. Qf2 g5 27. Qd2 Be6 28. Nf5
Bxf5 29. Qxg5 Bg6 30. Bxf6 Bxf6 31. Qxf6 d5 32. cxd5 cxd5 33. Rxd5 Qg3 34. Red1
Re6 35. Qb2 Kh7 36. Kg1 Rc6 37. Qf2 Qf4 38. Qxh4+ Kg7 39. Qf2 Rec8 40. Rc5 b6
41. Rxc6 Rxc6 42. Qd2 Qg3 43. f4 Qxa3 44. f5 1-0

[Event "Andranik Margaryan Mem"]
[Site "Yerevan ARM"]
[Date "2017.01.14"]
[Round "7.1"]
[White "Mikaelyan, Arman"]
[Black "Babujian, Levon"]
[Result "1/2-1/2"]
[WhiteTitle "IM"]
[BlackTitle "GM"]
[WhiteElo "2432"]
[BlackElo "2434"]
[WhiteFideId "13304852"]
[BlackFideId "13301993"]
[EventDate "2017.01.08"]

1. d4 Nf6 2. c4 e6 3. Nf3 d5 4. Nc3 Be7 5. Bf4 O-O 6. e3 c5 7. dxc5 Bxc5 8. Bd3
Nc6 9. O-O a6 10. cxd5 exd5 11. Bg5 Be6 12. Rc1 Be7 13. Bb1 Rc8 14. Qd3 g6 15.
Rfd1 Qa5 16. a3 Rfd8 17. Qe2 Kg7 18. h3 h6 19. Bf4 b5 20. Ne5 Bd6 21. Nxc6 Rxc6
22. Bxd6 Rdxd6 23. Rd4 Rc4 24. Rcd1 Rdc6 25. Ba2 Rxc3 26. bxc3 Qxa3 27. Bb1 Rxc3
28. Qd2 Qc5 29. Bd3 Bd7 30. Ra1 Bc8 31. Qb2 Kg8 32. Qb1 Kg7 33. Qb2 h5 34. Rf4
Qc6 35. Rd1 Qc5 36. Ra1 Bb7 37. Rd4 Bc8 38. Kh2 Qc7+ 39. Kg1 Bb7 40. Rf4 Qc5 41.
Bf1 Ne4 42. Bd3 f5 43. Bxe4 fxe4 44. Rb1 Bc8 45. h4 Qa3 46. Qxa3 Rxa3 47. Rc1
Bf5 48. g4 hxg4 49. h5 b4 50. Rc6 d4 51. hxg6 Ra5 52. exd4 b3 53. Rb6 Rd5 54.
Rxb3 Kxg6 55. Rb6+ Kg5 56. Rxf5+ Kxf5 57. Rxa6 Rxd4 58. Kg2 Rd2 59. Kg3 Rd3+ 60.
Kg2 Rf3 61. Ra5+ Kf4 62. Ra8 Ke5 63. Re8+ Kd4 64. Rg8 Rf4 65. Kg3 Rf7 66. Rxg4
Kd3 67. Kg2 Kd4 1/2-1/2

[Event "Andranik Margaryan Mem"]
[Site "Yerevan ARM"]
[Date "2017.01.14"]
[Round "7.2"]
[White "Hakobyan, Aram"]
[Black "Hayrapetyan, Hovik"]
[Result "1/2-1/2"]
[WhiteTitle "FM"]
[BlackTitle "GM"]
[WhiteElo "2422"]
[BlackElo "2498"]
[WhiteFideId "13306677"]
[BlackFideId "13302639"]
[EventDate "2017.01.08"]

1. d4 Nf6 2. c4 e6 3. Nc3 Bb4 4. Qc2 O-O 5. a3 Bxc3+ 6. Qxc3 b6 7. Bg5 h6 8. Bh4
Bb7 9. e3 d6 10. Ne2 Nbd7 11. Qc2 c5 12. Rd1 Qe7 13. Nc3 cxd4 14. Rxd4 Rfd8 15.
f3 Ne5 16. Be2 Ng6 17. Bf2 Rac8 18. O-O e5 19. Rdd1 d5 20. cxd5 Nxd5 21. Nxd5
Bxd5 22. Qa4 Be6 23. Rxd8+ Rxd8 24. Rd1 Rxd1+ 25. Qxd1 Qd7 26. Qxd7 Bxd7 27. Kf1
Kf8 28. Be1 Ke8 29. Bc3 f6 30. f4 exf4 31. Bh5 Bf5 32. exf4 Kd7 33. g3 Ne7 34.
Bf3 Be6 35. Kf2 Nd5 36. Bd2 Kd6 37. Ke2 Bf5 38. Be1 Bb1 39. Bf2 g6 40. Bd4 h5
41. Bxd5 Kxd5 42. Bxf6 Bf5 43. Kd2 Kc4 44. Ke3 b5 45. Be7 a5 46. Bd8 a4 47. Ba5
Kd5 48. Kd2 Kc4 49. Bc3 Kd5 50. Bf6 Kc4 51. Ke3 Kd5 52. Bc3 Kc4 53. Ke2 Bg4+ 54.
Kf2 Kd3 55. Bb4 Bf5 56. Ke1 Ke3 57. Bc5+ Kf3 58. Kf1 Bh3+ 59. Kg1 Ke2 60. Bb4
Kf3 61. Bc5 Ke2 62. Bb4 Kf3 63. Bc5 Ke2 64. Bb4 1/2-1/2

[Event "Andranik Margaryan Mem"]
[Site "Yerevan ARM"]
[Date "2017.01.14"]
[Round "7.3"]
[White "Gordievsky, Dmitry"]
[Black "Baghdasaryan, Vahe"]
[Result "1-0"]
[WhiteTitle "IM"]
[BlackTitle "IM"]
[WhiteElo "2562"]
[BlackElo "2490"]
[WhiteFideId "24112798"]
[BlackFideId "13303139"]
[EventDate "2017.01.08"]

1. Nf3 d5 2. g3 Nc6 3. d4 Bg4 4. Bg2 Qd7 5. h3 Bxf3 6. exf3 Nf6 7. O-O O-O-O 8.
Re1 e6 9. c3 Bd6 10. f4 Rhe8 11. Nd2 Ng8 12. b4 f6 13. Nb3 f5 14. a4 Nf6 15. b5
Nb8 16. Be3 Ne4 17. Qd3 g5 18. fxg5 Rg8 19. c4 c6 20. Rac1 Nxg5 21. bxc6 bxc6
22. cxd5 exd5 23. Na5 Bb4 24. Rxc6+ Nxc6 25. Qa6+ Kb8 26. Nxc6+ Ka8 27. Bxd5
Nxh3+ 28. Kf1 1-0

[Event "Andranik Margaryan Mem"]
[Site "Yerevan ARM"]
[Date "2017.01.14"]
[Round "7.4"]
[White "Aghasaryan, Robert"]
[Black "Paravyan, David"]
[Result "1/2-1/2"]
[WhiteTitle "GM"]
[BlackTitle "IM"]
[WhiteElo "2524"]
[BlackElo "2540"]
[WhiteFideId "13302841"]
[BlackFideId "4194985"]
[EventDate "2017.01.08"]

1. d4 Nf6 2. Nf3 e6 3. g3 d5 4. Bg2 Be7 5. c4 O-O 6. O-O dxc4 7. Qc2 b6 8. Qxc4
Bb7 9. Qc2 Nbd7 10. Nc3 c5 11. e4 cxd4 12. Nxd4 Bc5 13. Rd1 Qe7 14. Qe2 Ne5 15.
Bf4 Ng6 16. Be3 Rfd8 17. Rac1 h5 18. Nc2 Ng4 19. Bxc5 Qxc5 20. h3 Nf6 21. Qe3
Qxe3 22. Nxe3 h4 23. Nc4 hxg3 24. fxg3 Rab8 25. Kf2 Ba6 26. Bf1 Bxc4 27. Bxc4
Ne5 28. Be2 g5 29. Ke3 Kg7 30. Rxd8 Rxd8 31. Nd1 g4 32. hxg4 Nexg4+ 33. Kf4 e5+
34. Kf5 Nh6+ 35. Kxe5 Re8+ 36. Kf4 Rxe4+ 37. Kf3 Nf5 38. Bd3 Nd4+ 39. Kg2 Re1
40. Kf2 Rh1 1/2-1/2

[Event "Andranik Margaryan Mem"]
[Site "Yerevan ARM"]
[Date "2017.01.14"]
[Round "7.5"]
[White "Plat, Vojtech"]
[Black "Bogdanovich, Stanislav"]
[Result "0-1"]
[WhiteTitle "IM"]
[BlackTitle "IM"]
[WhiteElo "2520"]
[BlackElo "2595"]
[WhiteFideId "325740"]
[BlackFideId "14115298"]
[EventDate "2017.01.08"]

1. e4 c5 2. Nf3 d6 3. d4 cxd4 4. Qxd4 a6 5. Bc4 Nc6 6. Qd3 Nf6 7. O-O Bg4 8. Qb3
e6 9. Qxb7 Na5 10. Qb4 Nxc4 11. Qxc4 Bxf3 12. gxf3 Be7 13. Be3 O-O 14. Nc3 Qa5
15. Bf4 Rab8 16. Rab1 Qh5 17. Kg2 d5 18. exd5 Rbc8 19. Qd3 Rfd8 20. Rbd1 Bb4 21.
Qxa6 Bxc3 22. dxe6 Nd5 23. Bg3 Bf6 24. c4 Ne7 25. Rd7 fxe6 26. Rfd1 Rf8 27.
Qxe6+ Kh8 28. b3 Nf5 29. R7d5 g6 30. Qe4 Rce8 31. Qg4 Qh6 32. Bf4 Qg7 33. Rd7
Re7 34. Bd6 h5 35. Qe4 Nh4+ 36. Kh3 Rxd7 37. Bxf8 Qf7 38. Bd6 Rd8 39. c5 Re8 40.
Qc4 Qd7+ 41. Kg3 g5 42. h3 Qf5 43. Qd5 Re5 44. Qa8+ Kh7 45. Qb7+ Kg6 46. Kh2
Nxf3+ 47. Kg2 Nh4+ 48. Kg1 Qxh3 49. Bxe5 Qg4+ 50. Bg3 Qxd1+ 51. Kh2 Nf3+ 52. Kg2
Qg1+ 0-1

[Event "Andranik Margaryan Mem"]
[Site "Yerevan ARM"]
[Date "2017.01.15"]
[Round "8.1"]
[White "Babujian, Levon"]
[Black "Bogdanovich, Stanislav"]
[Result "0-1"]
[WhiteTitle "GM"]
[BlackTitle "IM"]
[WhiteElo "2434"]
[BlackElo "2595"]
[WhiteFideId "13301993"]
[BlackFideId "14115298"]
[EventDate "2017.01.08"]

1. d4 Nf6 2. c4 e6 3. Nc3 Bb4 4. Nf3 b6 5. e3 O-O 6. Bd3 d5 7. O-O dxc4 8. Bxc4
Bb7 9. Qe2 Nbd7 10. Rd1 Ne4 11. Nxe4 Bxe4 12. a3 Bd6 13. b4 Qf6 14. Bb2 Qh6 15.
h3 f5 16. Ne5 Rad8 17. f3 Bd5 18. Bb5 Nf6 19. Rac1 g5 20. Bc6 g4 21. fxg4 fxg4
22. e4 Nxe4 23. Qxg4+ Kh8 24. Re1 Rf4 25. Rxe4 Bxe5 26. Bxd5 Rxg4 27. Rxg4 Bf4
28. Rxf4 Qxf4 29. Bxe6 Qd2 30. Rb1 Kg7 31. d5+ Kg6 32. Ba1 Rf8 33. Kh1 Qd3 34.
Rg1 Rf1 35. Bd4 Rxg1+ 36. Bxg1 Qxa3 37. b5 Qb3 38. Bd7 Qxd5 39. Bc6 Qc4 0-1

[Event "Andranik Margaryan Mem"]
[Site "Yerevan ARM"]
[Date "2017.01.15"]
[Round "8.2"]
[White "Paravyan, David"]
[Black "Plat, Vojtech"]
[Result "1/2-1/2"]
[WhiteTitle "IM"]
[BlackTitle "IM"]
[WhiteElo "2540"]
[BlackElo "2520"]
[WhiteFideId "4194985"]
[BlackFideId "325740"]
[EventDate "2017.01.08"]

1. e4 c5 2. Nf3 Nc6 3. d4 cxd4 4. Nxd4 g6 5. c4 Bg7 6. Be3 Nf6 7. Nc3 Ng4 8.
Qxg4 Nxd4 9. Qd1 e5 10. Nb5 O-O 11. Qd2 Re8 12. Nd6 Bf8 13. c5 Bxd6 14. cxd6 b5
15. Bd3 Qf6 16. O-O Qxd6 17. f4 Ne6 18. f5 Nf4 19. Bxf4 exf4 20. Qxf4 Qxf4 21.
Rxf4 a6 22. a4 Rb8 23. axb5 axb5 24. fxg6 hxg6 25. Ra5 Re5 26. Bc4 Bb7 27. Bxf7+
Kg7 28. Ra7 g5 29. Rf1 Bxe4 30. Rxd7 Rb7 31. Rxb7 Bxb7 32. Bh5 Bd5 33. Bf3 b4
34. Kf2 Bf7 35. Rc1 b3 36. Rc7 Kf6 37. Rc6+ Kg7 38. Rc7 Kf6 39. Bd1 Ra5 40. Rb7
Rf5+ 41. Kg3 Re5 42. Rb6+ Kg7 43. Rd6 Be6 44. Rd3 Rb5 45. Kf2 Kf6 46. Ke3 Rb8
47. Bf3 Ke5 48. Rc3 g4 49. Bd1 Rb4 50. Kd2 Bd5 51. g3 Be6 52. Be2 Ra4 53. Re3+
Kf6 54. Bd1 Rb4 55. Re1 Rd4+ 56. Ke3 Ke5 57. Be2 Rd8 58. Bd3 Bd5 59. Rf1 Be6 60.
Rf2 Rh8 61. Kd2 Kd4 62. Be2 Ke5 63. Ke3 Rc8 64. Bd1 Rd8 65. Rd2 Rh8 66. Rf2 1/2-1/2

[Event "Andranik Margaryan Mem"]
[Site "Yerevan ARM"]
[Date "2017.01.15"]
[Round "8.3"]
[White "Baghdasaryan, Vahe"]
[Black "Aghasaryan, Robert"]
[Result "0-1"]
[WhiteTitle "IM"]
[BlackTitle "GM"]
[WhiteElo "2490"]
[BlackElo "2524"]
[WhiteFideId "13303139"]
[BlackFideId "13302841"]
[EventDate "2017.01.08"]

1. c4 e6 2. g3 d5 3. Bg2 Nf6 4. Nf3 Be7 5. O-O O-O 6. b3 d4 7. Bb2 Nc6 8. e3 e5
9. exd4 exd4 10. Na3 Bc5 11. Nc2 Bf5 12. d3 a5 13. Qd2 h6 14. a3 Qd6 15. Rab1
Ng4 16. Ba1 Nge5 17. Nxe5 Nxe5 18. b4 axb4 19. axb4 Ba7 20. c5 Qg6 21. Bxd4 Nc6
22. Rb3 Rad8 23. Qc3 Rd7 24. Ra1 Rfd8 25. Bxc6 Qxc6 26. Ne3 Be6 27. b5 Qf3 28.
Bxg7 Bxb3 29. Bxh6 Rd4 30. Rxa7 Kh7 31. Qxb3 Rxd3 32. Qb1 Kxh6 33. Ra1 f5 34.
Qf1 f4 35. Nf5+ Kg5 36. Nh4 Qd5 37. Ng2 fxg3 38. Qc1+ Rd2 39. hxg3 Qf3 40. Qf1
Rd1 41. Ne1 Qe4 42. f4+ Kf6 43. Rxd1 Rxd1 44. Kf2 Rd2+ 45. Kg1 Qe3+ 0-1

[Event "Andranik Margaryan Mem"]
[Site "Yerevan ARM"]
[Date "2017.01.15"]
[Round "8.4"]
[White "Hayrapetyan, Hovik"]
[Black "Gordievsky, Dmitry"]
[Result "1/2-1/2"]
[WhiteTitle "GM"]
[BlackTitle "IM"]
[WhiteElo "2498"]
[BlackElo "2562"]
[WhiteFideId "13302639"]
[BlackFideId "24112798"]
[EventDate "2017.01.08"]

1. Nf3 Nf6 2. g3 g6 3. b3 Bg7 4. Bb2 c5 5. c4 d6 6. Bg2 e5 7. Nc3 Nc6 8. O-O O-O
9. Ne1 Be6 10. Nd5 Ne8 11. Nc2 f5 12. f4 Rc8 13. d3 Kh8 14. Qd2 Qd7 15. Rae1 Bg8
16. b4 exf4 17. Bxg7+ Qxg7 18. gxf4 b6 19. b5 Ne7 20. Nxe7 Qxe7 21. e4 Qg7 22.
exf5 gxf5 23. Rf3 Qf6 24. Rfe3 Nc7 25. Qe2 Rfe8 26. Bc6 Rxe3 27. Qxe3 Be6 28.
Kh1 Rg8 29. Qc1 d5 30. Ne3 Qd4 31. Qa1 Qxa1 32. Rxa1 Rd8 33. Kg2 dxc4 34. dxc4
Rd4 35. a4 Rxf4 36. a5 Bxc4 37. Kg3 Rd4 38. Nxf5 Rd8 39. axb6 axb6 40. Ra7 Nxb5
41. Bxb5 Bxb5 42. Rb7 Bd3 43. Nh6 Rc8 44. Nf7+ Kg8 45. Ne5 Be4 46. Rxb6 c4 47.
Kf4 Bd5 48. Rd6 Ba8 49. Rd1 c3 50. Rg1+ Kf8 51. Nd7+ Kf7 52. Nb6 Rb8 53. Nxa8
Rxa8 54. Rc1 Ra3 55. Ke4 Kg6 56. Kd4 Kg5 57. Rxc3 Ra2 58. Ke3 Rxh2 59. Rc7 h5
60. Kf3 Kh4 61. Rg7 Ra2 62. Rh7 1/2-1/2

[Event "Andranik Margaryan Mem"]
[Site "Yerevan ARM"]
[Date "2017.01.15"]
[Round "8.5"]
[White "Mikaelyan, Arman"]
[Black "Hakobyan, Aram"]
[Result "1/2-1/2"]
[WhiteTitle "IM"]
[BlackTitle "FM"]
[WhiteElo "2432"]
[BlackElo "2422"]
[WhiteFideId "13304852"]
[BlackFideId "13306677"]
[EventDate "2017.01.08"]

1. d4 Nf6 2. c4 e6 3. Nf3 d5 4. Nc3 c6 5. e3 Nbd7 6. Qc2 Bd6 7. b3 O-O 8. Be2 b6
9. O-O Bb7 10. Bb2 Qe7 11. Rad1 Rfd8 12. Rfe1 Rac8 13. Bd3 Bb4 14. Ne5 h6 15. f4
c5 16. a3 Ba5 17. Rf1 Nf8 18. dxc5 bxc5 19. Ne2 N8d7 20. cxd5 Bxd5 21. Nc4 Bc7
22. Ng3 Nb6 23. h3 Nxc4 24. bxc4 Bc6 25. Ne4 Bxe4 26. Bxe4 Rxd1 27. Rxd1 Nxe4
28. Qxe4 Rd8 29. Rxd8+ Qxd8 30. Kh2 Qd2 31. Qa8+ Kh7 32. Qe4+ Kg8 33. Be5 Bxe5
34. Qxe5 Qa5 35. f5 Qb6 36. fxe6 fxe6 37. Kg3 a6 38. a4 Kf7 39. Qf4+ Ke7 40.
Qh4+ Kd7 41. Qe4 Qd6+ 42. Qf4 Ke7 43. a5 Qxf4+ 44. exf4 Kf6 45. Kf3 e5 46. Ke4
exf4 47. Kxf4 Ke6 48. Ke4 g6 49. h4 h5 50. Kf4 Kf6 51. g3 Ke6 52. Ke4 Kd6 53.
Kf4 Ke6 54. Kg5 Kf7 55. Kf4 1/2-1/2

[Event "Andranik Margaryan Mem"]
[Site "Yerevan ARM"]
[Date "2017.01.16"]
[Round "9.1"]
[White "Hakobyan, Aram"]
[Black "Babujian, Levon"]
[Result "1-0"]
[WhiteTitle "FM"]
[BlackTitle "GM"]
[WhiteElo "2422"]
[BlackElo "2434"]
[WhiteFideId "13306677"]
[BlackFideId "13301993"]
[EventDate "2017.01.08"]

1. d4 Nf6 2. Bg5 e6 3. e4 h6 4. Bxf6 Qxf6 5. c3 d5 6. Bd3 c5 7. Nf3 cxd4 8. cxd4
dxe4 9. Bxe4 Bd6 10. Nc3 O-O 11. O-O Na6 12. Qe2 g6 13. Nb5 Qe7 14. Nxd6 Qxd6
15. Rac1 Nb4 16. Rc5 b6 17. Qd2 bxc5 18. Qxh6 Qd7 19. Bxa8 Ba6 20. Re1 Rxa8 21.
Ng5 f6 22. Qxg6+ Qg7 23. Qxg7+ Kxg7 24. Nxe6+ Kf7 25. Nxc5 Bc4 26. a3 Nc6 27.
Rc1 Bd5 28. Nd3 Nxd4 29. Rc7+ Ke8 30. Nf4 Bf7 31. h4 a5 32. h5 Nf5 33. g4 Nh6
34. f3 a4 35. Kf2 Rb8 36. Nd3 Rb3 37. Ke3 Bd5 38. Rc3 Rb7 39. Nb4 Be6 40. Rc6
Kf7 41. Ra6 Bb3 42. g5 Ng8 43. Nc6 Kg7 44. f4 Bd1 45. h6+ Kh7 46. Kd2 Bg4 47.
Kc3 Bd7 48. Nd8 Rc7+ 49. Kd4 Bc8 50. Ne6 Rd7+ 51. Kc5 Rf7 52. f5 Rb7 53. Nf8+
Kh8 54. h7 Rc7+ 55. Kb6 Bxa6 56. Kxc7 Ne7 57. gxf6 Nd5+ 58. Kd6 Nxf6 59. Ke7
Nd5+ 60. Kd6 Bc4 61. Ke5 Nb6 62. f6 Bf7 63. Kd6 Nd5 64. Nd7 Ne3 65. Ne5 Bh5 66.
f7 Bxf7 67. Nxf7+ Kxh7 68. Ne5 Kg7 69. Kc5 Kf6 70. Nc4 Nc2 71. Nb6 Ke6 72. Nxa4
Kd7 73. Nb6+ Kc7 74. Nc4 Ne1 75. b4 Nd3+ 76. Kb5 Nc1 77. a4 Nb3 78. Ne3 Nd4+ 79.
Kc4 Nc6 80. Kc5 Ne5 81. Nd5+ Kb7 82. b5 Nd3+ 83. Kc4 Nb2+ 84. Kb3 Nd3 85. a5 Ne5
86. Ka4 Nd7 87. a6+ Ka7 88. Ka5 Ne5 89. b6+ Kb8 90. Kb5 Nd7 91. Nc7 1-0